Sports Quiz

Random Sports Quiz
Score 0/53 Timer 04:00
0 Plays Today
Winless Season FBS School % Correct
2008Washington
83.9%
2015Kansas
80.6%
2013Miami (Ohio)
76.8%
1996Duke
75%
2000Duke
75%
2001Duke
75%
2006Duke
75%
1960SMU
73.2%
2003SMU
73.2%
2005New Mexico State
71.4%
2015UCF
70%
1982UCF
69.6%
2004UCF
69.6%
1946Florida
67.9%
1947Kansas State
67.9%
1951Kansas State
67.9%
1962Kansas State
67.9%
1965Kansas State
67.9%
1966Kansas State
67.9%
1979Florida
67.9%
1987Kansas State
67.9%
1988Kansas State
67.9%
2003Army
67.7%
1973Iowa
64.3%
1984Indiana
62.5%
1955Northwestern
60.7%
1957Wake Forest
60.7%
Winless Season FBS School % Correct
1962Wake Forest
60.7%
1947Florida State
58.9%
1947Stanford
58.9%
1957Northwestern
58.9%
1960Stanford
58.9%
1973Florida State
58.9%
1943Utah
55.4%
1962Tulane
53.6%
1967Maryland
53.6%
2009Eastern Michigan
53.6%
1999South Carolina
51.8%
2012Southern Miss
50%
1999Buffalo
48.2%
1950Auburn
46.4%
2001Houston
46.4%
1948Texas A&M
44.6%
1997Illinois
44.6%
2013Georgia State
44.6%
1949BYU
42.9%
1955Alabama
42.9%
1967Wisconsin
37.5%
1968Wisconsin
37.5%
1955Northern Illinois
30.4%
1997Northern Illinois
30.4%
1939East Carolina
26.8%
1948East Carolina
26.8%
Remove Ads.
Support Sporcle.
Get the best of Sporcle when you Go Orange. This ad-free experience offers more features, more stats, and more fun while also helping to support Sporcle. Thank you for becoming a member.

You're not logged in!

Compare scores with friends on all Sporcle quizzes.
OR
Log In

Show Comments

Extras

Created Nov 3, 2015SourceReportNominate
Tags:1936, FBS, school, season, Winless

Top Quizzes Today


Score Distribution

Your Account Isn't Verified!

In order to create a playlist on Sporcle, you need to verify the email address you used during registration. Go to your Sporcle Settings to finish the process.

Report this User

Report this user for behavior that violates our Community Guidelines.

Details: